LEADER 01004nlm0 22003251i 450 001 990009815400403321 005 20140128093629.0 010 $a9781118032435$bonline 035 $a000981540 035 $aFED01000981540 035 $a(Aleph)000981540FED01 035 $a000981540 100 $a20140128d2008----km-y0itay0103----ba 101 0 $aeng 135 $adrnn-008mamaa 200 1 $aMathematical logic$bRisorsa elettronica$fGeorge Tourlakis 210 $aHoboken$cWiley-Interscience$d2008 230 $aDocumento elettronico 306 $aPublished Online: 1 MAR 2011 336 $aTesto 337 $aFormato pdf 676 $a511.3 700 1$aTourlakis,$bGeorge$0149747 801 0$aIT$bUNINA$gREICAT$2UNIMARC 856 4 $zFull text per gli utenti Federico II$uhttp://onlinelibrary.wiley.com/book/10.1002/9781118032435 901 $aEB 912 $a990009815400403321 961 $aLogic, symbolic and mathematical$aTextbooks 996 $aMathematical logic$9835399 997 $aUNINA LEADER 01450nam2 22003371i 450 001 SUN0034932 005 20150324010911.316 010 $a88-02-04222-5 100 $a20050330d1989 |0itac50 ba 101 $aita 102 $aIT 105 $a|||| ||||| 200 1 $aˆ4: ‰Scritti letterari$fNiccolò Machiavelli$ga cura di Luigi Blasucci$gcon la collaborazione di Alberto Casadei 210 $aTorino$cUtet$d1989 215 $a450 p., [7] c.$d24 cm. 461 1$1001SUN0034931$12001 $a*Opere di Niccolò Machiavelli$v4$1210 $aTorino$cUtet$d1991$1215 $avol.$d24 cm. 620 $dTorino$3SUNL000001 676 $a852.3$v21 700 1$aMachiavelli$b, Niccolò$3SUNV008887$0330797 702 1$aBlasucci$b, Luigi$3SUNV029439 702 1$aCasadei$b, Alberto$f1963- $3SUNV055564 712 $aUTET$3SUNV000072$4650 790 1$aMacchiavelli, Niccolò$zMachiavelli, Niccolò$3SUNV049925 790 1$aMakiavelli, Nikkolo$zMachiavelli, Niccolò$3SUNV049926 790 1$aNiecollucci, Amadio$zMachiavelli, Niccolò$3SUNV049927 801 $aIT$bSOL$c20181109$gRICA 912 $aSUN0034932 950 $aUFFICIO DI BIBLIOTECA DEL DIPARTIMENTO DI GIURISPRUDENZA$d00 CONS XXI.Ag.CI. 1(4) $e00 3918 995 $aUFFICIO DI BIBLIOTECA DEL DIPARTIMENTO DI GIURISPRUDENZA$h3918$kCONS XXI.Ag.CI. 1(4)$op$qa 996 $aScritti letterari$91402766 997 $aUNICAMPANIA LEADER 01090nam a2200301|i 4500 001 991003967319707536 005 20030107144416.0 008 020307s1998 it u u itauu 035 $ab11889603-39ule_inst 035 $aEXGIL150456$9ExL 040 $aBiblioteca Interfacoltà$bita 082 0 $a813.54 100 1 $aVan_Lustbader, Eric$0532571 245 10$aKaira /$cEric Van Lustbader ; traduzione di Anna Maria Biavasco e Valentina Guani 260 0 $aMilano :$bRCS Libri S.p.A.,$cc1998 300 $a394 p. ;$c20 cm. 490 0 $aBUR 500 $aTit. orig.: Pale saint. 500 $aDistribuito in abbinamento con il Corriere della Sera. 650 4$aLetteratura narrativa americana$ySec. 20.$xAntologie 700 1 $aBiavasco, Annamaria 700 1 $aGuani, Valentina 907 $a.b11889603$b28-04-17$c07-01-03 912 $a991003967319707536 945 $aLE002 Lett. II M 29$g1$i2002000018519$lle002$o-$pE0.00$q-$rl$s- $t0$u0$v0$w0$x0$y.i12146791$z07-01-03 996 $aKaira$9902453 997 $aUNISALENTO 998 $ale002$b01-01-02$cm$da $e-$fita$git $h0$i1